000 00955nac a22002657a 4500
001 BR7603365
003 BR-BrBNA
005 20240205112801.0
008 230509b bl.|||m| |||| 00| 0 por d
040 _aBR-BrBNA
_bpor
_cBiblioteca Nacional de Agricultura
072 _aA50
090 _aA50
_bBR7603365
110 1 _aCentro de Pesquisa Agropecuaria do Tropico Semi-Arido, Petrolina, PE (Brasil)
245 1 _aRelatorio de atividades, janeiro-junho 1976. O Centro e suas atividades [Centro de Pesquisa Agropecuaria do Tropico Semi-Arido, Pernambuco, Brasil]
260 3 _aPetrolina, PE (Brasil):
_c1976.
300 _a34 p.
490 _aRelatorio Semestral - Centro de Pesquisa Agropecuaria do Tropico Semi-Arido (Brazil)
_vno. 1
650 _aPESQUISA
650 _aPROJETO DE PESQUISA
650 _aADMINISTRACAO DE PESQUISA
650 _aINSTITUICAO DE PESQUISA
650 _aPETROLINA
650 _aPERNAMBUCO
942 _2AGRIS
_n0
_cMS
999 _c266615
_d266615